Capitales sans les lettres de "Panama" - Statistiques

Statistiques générales
  • Ce quiz a été pris 4 fois
  • Le résultat moyen est 9 sur 14
Statistiques - réponses
Continents Capitales % Correct
Asie Tokyo
100%
Asie Bichkek
75%
Europe Bruxelles
75%
Europe Kiev
75%
Asie Koweït
75%
Europe Oslo
75%
Asie Séoul
75%
Amérique du Sud Sucre
75%
Asie Beyrouth
50%
Asie Dili
50%
Amérique du Sud Quito
50%
Asie Tbilissi
50%
Afrique Djibouti
25%
Afrique Libreville
25%
Aucun quiz correspondant
Distribution des résultats
% des personnes avec chaque résultat
Percentile par nombre de réponses
Votre historique - résultats
Vous n’avez pas pris ce quiz